[Event "Vladimir Bato Kontic Memorial 2021"]
[Site "Niksic"]
[Date "2021.04.20"]
[Round "6.5"]
[White "Sanal, Vahap"]
[Black "Kalezic, Blazo"]
[Result "1-0"]
[WhiteElo "2572"]
[BlackElo "2456"]
[Annotator "TA"]
[PlyCount "99"]
[EventDate "2021.04.17"]
[EventType "swiss"]
[EventCountry "MNE"]
[SourceTitle "playchess.com"]
[Source "ChessBase"]
[SourceQuality "1"]

{[%evp 20,99,15,25,39,0,20,16,47,39,41,39,39,39,50,44,46,58,65,48,199,195,190,180,327,327,326,326,510,518,489,490,479,379,752,574,554,575,560,541,525,344,411,423,775,720,749,754,741,741,733,719,718,661,699,640,610,554,797,787,780,721,980,838,1111,1172,1141,1156,1099,1069,1172,1162,2187,1905,2417,1376,1316,1291,1271,1245,1144,1054]} 1. e4 e6 2. d4 d5 3. Nc3 Nf6 4. Bg5 Be7 5. e5 Nfd7 6. Bxe7 Qxe7 7. f4 a6 8. Nf3 c5 9. dxc5 Nc6 10. Qd2 Qxc5 11. Bd3 b5 {C14: French: Classical System: 4 Bg5 Be7 main line.} 12. h4 h5 13. a3 {[#]} Ne7 $146 {The position is equal.} ({Predecessor:} 13... Bb7 14. Qf2 Qxf2+ 15. Kxf2 Rc8 16. Rhe1 g6 17. Rec1 Ke7 18. Ne2 Rc7 19. Ned4 Nxd4 20. Nxd4 {1-0 (74) Erdogdu,M (2463)-Dogan,A (2066) Istanbul 2009}) 14. Ne2 Qc7 15. Ned4 Nc5 16. O-O Bd7 17. b4 Na4 18. f5 exf5 19. Qg5 g6 $2 {Black cannot hold the game after this.} (19... Nc3 $1 $14) 20. e6 $1 $18 {[%cal Re6f7]} fxe6 {[#]} ({Much weaker is} 20... Bxe6 $6 21. Rae1 $16) 21. Rae1 $1 $40 {[%mdl 128] White is out for blood.} ({And not} 21. Qf6 Rf8 $11) 21... Qb6 {[#]} (21... Rh7 {was necessary.}) 22. Rxe6 $3 {[%mdl 512]} Bxe6 {[#]} 23. Re1 $1 {[%cal Re1e6]} Kd7 (23... O-O-O {keeps fighting.}) 24. Rxe6 Qxe6 25. Nxe6 Kxe6 26. Qe3+ Kd6 $2 (26... Kf7 27. Ne5+ Kf6 28. Nd7+ Kf7 29. Ne5+ Kf6 30. Nd7+ Kf7 31. Ne5+) 27. Qe5+ Kd7 28. Nd4 Rhc8 29. Qe6+ Kd8 30. Qd6+ Ke8 31. Nxb5 axb5 (31... Rc6 $142) 32. Bxb5+ Kf7 33. Bd7 Re8 34. Qe6+ Kf8 35. Qf6+ Kg8 36. Be6+ Kh7 {...Ng8 is the strong threat.} 37. Qf7+ Kh6 38. Bd7 Rf8 39. Qxe7 Nb2 40. Bc6 Rad8 41. a4 d4 42. a5 Nc4 43. a6 Ne3 44. Qc5 f4 45. a7 Rf5 46. Qb6 Rff8 47. a8=Q {[%mdl 64] Overworked Piece} Rxa8 48. Bxa8 Rxa8 49. Qxd4 Rf8 50. c4 {Weighted Error Value: White=0.18/Black=0.41} 1-0

[Event "Vladimir Bato Kontic Memorial 2021"]
[Site "Niksic"]
[Date "2021.04.20"]
[Round "6.6"]
[White "Sahin, Ozgun"]
[Black "Djukic, Nikola"]
[Result "0-1"]
[WhiteElo "2281"]
[BlackElo "2515"]
[Annotator "TA"]
[PlyCount "48"]
[EventDate "2021.04.17"]
[EventType "swiss"]
[EventCountry "MNE"]
[SourceTitle "playchess.com"]
[Source "ChessBase"]
[SourceQuality "1"]

{[%evp 10,48,37,0,26,14,36,26,39,36,30,40,48,26,46,37,33,33,40,28,39,19,21,23,37,-124,-115,-164,-191,-191,-202,-1860,-1820,-1542,-1398,-1197,-1143,-29991,-29992,-29992,-29993]} 1. e4 c5 2. Nf3 d6 3. d4 cxd4 4. Nxd4 Nf6 5. Nc3 a6 6. a3 Nbd7 {B90: Sicilian Najdorf: Unusual White 6th moves, 6 Be3 Ng4 and 6 Be3 e5.} (6... e5 $5 {[%cal Re5d4]} 7. Nb3 Be7 $11) 7. Bc4 g6 8. f3 Bg7 {White has an edge.} 9. Be3 O-O 10. Qd2 Ne5 11. Ba2 Bd7 {[#]} 12. O-O-O $146 ({Predecessor:} 12. Bh6 Nc6 13. Bxg7 Kxg7 14. O-O-O Nxd4 15. Qxd4 Rc8 16. h4 Be6 17. Bd5 Qc7 18. Rd2 {0-1 (30) Paez,A (1757)-Bantu,A Bogota 2013}) 12... b5 {[%cal Bb7b5,Bb5c4,Bc4c3][%mdl 32]} 13. h4 Nc4 14. Bxc4 bxc4 15. h5 Rb8 $1 16. hxg6 fxg6 17. Qe2 $2 {[#]} (17. Kb1 $14 {keeps the upper hand.}) 17... Qc7 $17 18. Nd5 Nxd5 19. exd5 c3 $40 {[%mdl 128] Black wants a kill.} 20. Bh6 $2 (20. b3 Qa5 21. Kb1) 20... Rxb2 $19 {[#] ( -> ...Rfb8)} (20... cxb2+ $2 21. Kb1 $17) 21. Qxe7 Rf7 22. Qe3 Bxh6 23. Qxh6 Qb6 {[%csl Gb6][%cal Rb2b1]} 24. Nb3 Bf5 {Weighted Error Value: White=0.87/Black=0.02} 0-1

[Event "Vladimir Bato Kontic Memorial 2021"]
[Site "Niksic"]
[Date "2021.04.20"]
[Round "6.8"]
[White "Basso, Pier Luigi"]
[Black "Nikcevic, Nebojsa"]
[Result "1-0"]
[WhiteElo "2552"]
[BlackElo "2393"]
[Annotator "TA"]
[PlyCount "59"]
[EventDate "2021.04.17"]
[EventType "swiss"]
[EventCountry "MNE"]
[SourceTitle "playchess.com"]
[Source "ChessBase"]
[SourceQuality "1"]

{[%evp 24,59,0,0,-5,0,10,14,2,10,28,36,33,31,47,34,47,54,52,37,56,38,86,114,487,480,700,691,680,665,1191,300,302,303,1661,1587,1529,1051]} 1. d4 d5 2. c4 e6 3. Nf3 dxc4 4. e3 Nf6 5. Bxc4 c5 6. O-O Nc6 7. Nc3 Be7 8. Qe2 cxd4 9. exd4 O-O 10. Rd1 Na5 11. Bd3 b6 12. Bf4 Bb7 13. Rac1 Rc8 {D26: Queen's Gambit Accepted: 4 e3 e6 5 Bxc5 c5 sidelines.} 14. Bg3 g6 15. Ba6 {[#]} Nd5 $146 {The position is equal.} ({Predecessor:} 15... Qd7 16. Ne5 Bxa6 17. Qxa6 Qb7 18. Qxb7 Nxb7 19. Nb5 a6 20. Nc6 Nd5 21. Nc7 Bg5 22. Nxd5 exd5 {½-½ (41) Sjoberg,M (2380)-Berg,K (2295) Gausdal 1982}) 16. Bxb7 Nxb7 17. Nxd5 Qxd5 18. Qa6 b5 19. Ne5 Rxc1 20. Rxc1 {[#] Black must now prevent Nc6.} Bg5 21. Rf1 Rc8 22. Qxa7 Rc2 23. a4 {[%cal Ba2a4,Ba4a5,Ba5a6][%mdl 32]} Rxb2 $2 {[%mdl 8192] This costs Black the game.} (23... bxa4 $16 24. h4 (24. Qxa4 Rc8 $16) 24... Be7) 24. a5 $18 Ra2 (24... Rc2 $142 25. Nxf7 Nd8) 25. a6 Nd8 26. h4 Be3 27. Nf3 (27. Qe7 {White wants to mate with Nd7.} Bxd4 28. Nd7) 27... Bh6 28. Be5 {[#] And now Qe7 would win.} b4 $2 (28... Kf8 29. Bf6 Qd6) 29. Qe7 Bg7 30. Bd6 {Weighted Error Value: White=0.36/Black=0.88} 1-0

[Event "Vladimir Bato Kontic Memorial 2021"]
[Site "Niksic"]
[Date "2021.04.20"]
[Round "6.9"]
[White "Tomic, Aleksandar"]
[Black "Potpara, Nikola"]
[Result "0-1"]
[WhiteElo "2377"]
[BlackElo "2370"]
[Annotator "RC"]
[PlyCount "142"]
[EventDate "2021.04.17"]
[EventType "swiss"]
[EventCountry "MNE"]
[SourceTitle "playchess.com"]
[Source "ChessBase"]
[SourceQuality "1"]
[TimeControl "40/5400+30:1800+30"]

1. d4 {[%emt 0:14:36]} Nf6 {[%emt 0:00:00]} 2. c4 {[%emt 0:00:08]} e6 {[%emt 0:00:00]} 3. Nc3 {[%emt 0:00:08]} Bb4 {[%emt 0:00:27]} 4. Nf3 {[%emt 0:00:19]} b6 {[%emt 0:01:43]} 5. Bg5 {[%emt 0:00:13]} Bb7 {[%emt 0:05:28]} 6. e3 {[%emt 0:00:16]} h6 {[%emt 0:00:17]} 7. Bh4 {[%emt 0:00:07]} g5 {[%emt 0:00:05]} 8. Bg3 {[%emt 0:00:04]} Ne4 {[%emt 0:00:03]} 9. Nd2 {[%emt 0:00:07]} Bxc3 {[%emt 0:02:18]} 10. bxc3 {[%emt 0:00:08]} Nxg3 {[%emt 0:00:02]} 11. hxg3 {[%emt 0:00:09]} d6 {[%emt 0:00:06]} 12. Rh2 {[%emt 0:00:06]} Nd7 {[%emt 0:01:19]} 13. Be2 {[%emt 0:00:10]} Qe7 {[%emt 0:06:56]} 14. Bf3 {[%emt 0:00:22]} c6 {[%emt 0:00:08]} 15. Qa4 {[%emt 0:03:30]} d5 {[%emt 0:00:29]} 16. cxd5 {[%emt 0:02:39]} exd5 {[%emt 0:01:42]} 17. c4 {[%emt 0:00:43]} Kf8 {[%emt 0:01:35]} 18. cxd5 {[%emt 0:01:39]} cxd5 {[%emt 0:00:07]} 19. Rc1 {[%emt 0:30:27]} Nf6 {[%emt 0:04:13]} 20. Nb1 {[%emt 0:05:52]} Kg7 {[%emt 0:03:02]} 21. Qa3 {[%emt 0:04:08]} Qd7 {[%emt 0:02:31]} 22. Bd1 {[%emt 0:01:57]} Rac8 {[%emt 0:17:34]} 23. Nc3 {[%emt 0:03:19]} a6 {[%emt 0:03:15]} 24. Na4 {[%emt 0:04:42]} Qb5 {[%emt 0:13:03]} 25. Nc3 {[%emt 0:00:44]} Qd3 {[%emt 0:00:36]} 26. Be2 {[%emt 0:02:50]} Qf5 {[%emt 0:02:51]} 27. f3 {[%emt 0:02:15]} Rhe8 {[%emt 0:02:25]} 28. Nd1 {[%emt 0:01:01]} Rxc1 {[%emt 0:03:12]} 29. Qxc1 {[%emt 0:00:44]} Rc8 {[%emt 0:00:02]} 30. Qb2 {[%emt 0:01:04]} b5 {[%emt 0:01:37]} 31. Kd2 {[%emt 0:05:18]} Qe6 {[%emt 0:00:53]} 32. Nf2 {[%emt 0:01:35]} Re8 {[%emt 0:06:40]} 33. Qb3 {[%emt 0:01:24]} Bc8 {[%emt 0:00:08]} 34. f4 {[%emt 0:04:28]} Bd7 {[%emt 0:03:05]} 35. Rh1 {[%emt 0:04:31]} b4 {[%emt 0:00:34]} 36. Rc1 {[%emt 0:03:25]} a5 {[%emt 0:06:04]} 37. Rc5 {[%emt 0:00:58]} a4 {[%emt 0:00:22]} 38. Qd3 {[%emt 0:00:09]} Rb8 {[%emt 0:00:38]} 39. Qb1 {[%emt 0:02:44]} b3 {[%emt 0:00:37]} 40. Rc3 {[%emt 0:00:00]} bxa2 {[%emt 0:00:00]} 41. Qxa2 {[%emt 0:16:00]} Rb4 {[%emt 0:25:06]} 42. Bd1 {[%emt 0:06:42]} Qb6 {[%emt 0:02:40]} 43. Bc2 {[%emt 0:00:26]} Qa5 {[%emt 0:02:44]} 44. Qa3 {[%emt 0:01:58]} Bb5 {[%emt 0:00:26]} 45. Kd1 {[%emt 0:02:22]} Bc4 {[%emt 0:02:10]} 46. Nd3 {[%emt 0:01:00]} Bxd3 {[%emt 0:04:25]} 47. Bxd3 {[%emt 0:00:33]} Qb6 {[%emt 0:00:33]} 48. Bc2 {[%emt 0:03:07]} g4 {[%emt 0:06:16]} 49. Ke1 {[%emt 0:01:34]} Qa5 {[%emt 0:01:50]} 50. Kd1 {[%emt 0:01:46]} Ne4 {[%emt 0:00:32]} 51. Bxe4 {[%emt 0:00:27]} dxe4 {[%emt 0:00:06]} 52. Rc5 {[%emt 0:00:33]} Rb1+ {[%emt 0:00:13]} 53. Rc1 {[%emt 0:00:31]} Rb3 {[%emt 0:00:07]} 54. Qc5 {[%emt 0:00:21]} Rb5 {[%emt 0:03:02]} 55. Qc8 {[%emt 0:00:35]} h5 {[%emt 0:00:13]} 56. Qc3 {[%emt 0:00:35]} Qxc3 {[%emt 0:00:46]} 57. Rxc3 {[%emt 0:00:01]} Rb2 {[%emt 0:00:07]} 58. Rc2 {[%emt 0:00:42]} Rb3 {[%emt 0:00:06]} 59. Kd2 {[%emt 0:00:20]} a3 {[%emt 0:00:18]} 60. Rc5 {[%emt 0:00:53]} a2 {[%emt 0:01:14]} 61. Ra5 {[%emt 0:00:12]} Rb2+ {[%emt 0:00:10]} 62. Kc3 {[%emt 0:00:14]} Rxg2 {[%emt 0:01:15]} 63. d5 {[%emt 0:00:31]} Rxg3 {[%emt 0:00:05]} 64. Rxa2 {[%emt 0:00:49]} Rxe3+ {[%emt 0:00:51]} 65. Kd4 {[%emt 0:00:08]} Re1 {[%emt 0:00:04]} 66. Ke5 {[%emt 0:00:50]} e3 {[%emt 0:00:27]} 67. d6 {[%emt 0:00:14]} Rd1 {[%emt 0:00:15]} 68. Re2 {[%emt 0:00:54]} Rd3 {[%emt 0:00:06]} 69. f5 {[%emt 0:00:28]} Kh6 {[%emt 0:01:14]} 70. Re1 {[%emt 0:00:43]} Kg5 {[%emt 0:00:16]} 71. Re2 {[%emt 0:00:25]} h4 {[%emt 0:00:07]} 0-1

[Event "Vladimir Bato Kontic Memorial 2021"]
[Site "Niksic"]
[Date "2021.04.20"]
[Round "6.10"]
[White "Miletic, Vuk"]
[Black "Plenca, Jadranko"]
[Result "1/2-1/2"]
[WhiteElo "2254"]
[BlackElo "2472"]
[Annotator "TA"]
[PlyCount "135"]
[EventDate "2021.04.17"]
[EventType "swiss"]
[EventCountry "MNE"]
[SourceTitle "playchess.com"]
[Source "ChessBase"]
[SourceQuality "1"]

{[%evp 17,135,-8,28,20,15,-18,-13,-13,-9,-12,-7,-27,-16,-25,-13,-27,-8,-9,-2,-27,-21,-21,-15,-112,-39,-64,-29,-41,-29,-29,-33,-53,-16,-12,-5,-4,0,-93,-33,-93,-93,-93,-93,-93,-93,-93,-93,-93,-93,-93,-93,-93,-93,-93,-93,-93,-93,-98,-98,-98,-98,-98,-98,-98,-98,-98,-98,-84,0,0,0,-13,0,-13,0,0,0,0,0,-73,-73,-73,-73,-73,-73,-73,-73,-73,-73,-73,-73,-73,-73,-73,-73,-73,-73,-73,-8,-8,-8,-8,-8,-8,-8,-8,0,0,0,-8,-8,-8,-8,-8,-8,-8,-8,-8,0,0]} 1. d4 Nf6 2. Nf3 d5 3. e3 g6 4. c4 Bg7 5. Nc3 O-O 6. Bd3 dxc4 7. Bxc4 c5 8. O-O cxd4 9. exd4 Nbd7 10. h3 {D94: Grünfeld: 4 Nf3 Bg7 5 e3.} a6 11. a3 b5 12. Ba2 Bb7 {[#]} 13. Qe2 $146 ({Predecessor:} 13. Be3 Nb6 14. Ne5 Nbd5 15. Rc1 Rc8 16. Qd3 Nxe3 17. fxe3 e6 18. e4 Nd7 19. Nxf7 {1-0 (43) Fokin,A (1803)-Timirev,S (1848) St Petersburg 2012}) 13... e6 14. Rd1 Rc8 15. Ne5 Nb6 16. Bg5 Qd6 17. Rac1 Nbd5 (17... Rfe8 {is interesting.} 18. Re1 h6 19. Be3 h5 20. Bg5 Nh7) 18. Nxd5 Nxd5 19. Bd2 Rfe8 20. b4 (20. Re1 $11) 20... Nb6 (20... Rxc1 $1 $17 21. Rxc1 Ne7) 21. Qe3 Bd5 (21... Rxc1 {seems wilder.} 22. Bxc1 Bd5 23. Bb1 Nc4 24. Nxc4 Bxc4 25. Bb2 h5) 22. Bxd5 Qxd5 (22... Nxd5 {with more complications.} 23. Qe1 Ne7 24. Qe4 Red8 25. Be3 Qd5) 23. Rc5 Rxc5 24. bxc5 Bxe5 25. Qxe5 ({Don't play} 25. dxe5 Nc4 $17) 25... Qxe5 26. dxe5 $11 {[%mdl 4096] Endgame KRB-KRN} Nc4 {[%mdl 64] Double Attack} 27. Be3 (27. Bg5 $11) 27... Rc8 ({Much weaker is} 27... Nxe5 28. Rd6 $11) ({Black should play} 27... Kg7 $1 $17 28. Rd3 Rc8) 28. Rd6 Nxe3 $17 ({Inferior is} 28... Nxd6 29. exd6 Kf8 30. d7 $16) 29. fxe3 Rxc5 30. Rxa6 Rxe5 {KR-KR} 31. Kf2 Rc5 32. Kf3 Rc3 33. Ra5 Rb3 34. a4 bxa4 35. Rxa4 Kg7 36. Ra5 h6 37. h4 f5 38. Ra7+ Kf6 39. Rh7 e5 40. Kf2 Rb2+ 41. Kf1 h5 42. Ra7 f4 (42... Rb4 $17 43. Ra6+ Kg7) 43. exf4 $1 $11 exf4 44. Ra5 Rc2 45. Kg1 (45. Ra4 {looks sharper.} Ke5 46. Ra6 Kf5 47. Ra5+ Kg4 48. Rg5+) 45... f3 46. gxf3 Rc4 47. Ra6+ Kf5 48. Kg2 (48. Ra5+ $11 Kf6 49. Ra6+ Kf7 50. Ra7+ Kf6 51. Ra6+) 48... Rxh4 $17 49. Ra5+ Kf6 50. Kg3 Rb4 51. Ra6+ Kg5 52. f4+ Kf5 53. Ra5+ Kf6 $1 54. Ra6+ {[#]} Kg7 $1 55. Ra7+ {[#]} Kh6 $1 56. Rf7 Rb3+ 57. Kg2 h4 ({Better is} 57... Rb5 $17) 58. Rf6 $11 {The position is equal.} Kh5 (58... Rg3+ {is more complex.} 59. Kf2 Rg4 60. Rf7 h3 61. Rf8 Kg7) 59. Kh2 h3 60. Ra6 Rf3 61. Rb6 Ra3 62. Rf6 Rf3 (62... Rd3 {keeps more tension.} 63. Re6 Rc3 64. Rf6 Ra3 65. Re6 Ra4) 63. Rb6 Rxf4 {And now ...Rf3 would win.} 64. Kxh3 Rf3+ 65. Kg2 Ra3 66. Rb5+ g5 67. Rb4 g4 68. Rb8 {Weighted Error Value: White=0.14/Black=0.11} 1/2-1/2

[Event "Vladimir Bato Kontic Memorial 2021"]
[Site "Niksic"]
[Date "2021.04.20"]
[Round "7.1"]
[White "Draskovic, Luka"]
[Black "Suleymanli, Aydin"]
[Result "*"]
[WhiteElo "2472"]
[BlackElo "2520"]
[Annotator "TA"]
[PlyCount "20"]
[EventDate "2021.04.17"]
[EventType "swiss"]
[EventCountry "MNE"]
[SourceTitle "playchess.com"]
[Source "ChessBase"]
[SourceQuality "1"]

{[%evp 18,19,0,3]} 1. e4 c6 2. d4 d5 3. exd5 cxd5 4. c4 e6 5. Nc3 Nf6 6. Nf3 Nc6 7. Bg5 Be7 8. cxd5 exd5 9. Be2 O-O 10. O-O {[#]} {Predecessor:} Be6 $146 {B14: Caro-Kann: Panov-Botvinnik Attack with 5...e6 and 5...g6.} *

[Event "Vladimir Bato Kontic Memorial 2021"]
[Site "Niksic"]
[Date "2021.04.20"]
[Round "7.2"]
[White "Niemann, Hans Moke"]
[Black "Kisic, Bozidar"]
[Result "1-0"]
[WhiteElo "2508"]
[BlackElo "2263"]
[Annotator "ChessBase"]
[PlyCount "111"]
[EventDate "2021.04.17"]
[EventType "swiss"]
[EventCountry "MNE"]
[SourceTitle "playchess.com"]
[Source "ChessBase"]
[SourceQuality "1"]
[TimeControl "40/5400+30:1800+30"]

1. d4 {[%emt 0:03:54]} d5 {[%emt 0:00:29]} 2. c4 {[%emt 0:00:19]} e6 {[%emt 0:00:07]} 3. Nc3 {[%emt 0:00:33]} c5 {[%emt 0:00:09]} 4. cxd5 {[%emt 0:01:38]} cxd4 {[%emt 0:00:08]} 5. Qa4+ {[%emt 0:01:22]} Bd7 {[%emt 0:00:56]} 6. Qxd4 {[%emt 0:00:24]} exd5 {[%emt 0:00:22]} 7. Qxd5 {[%emt 0:03:06]} Nc6 {[%emt 0:00:16]} 8. Bg5 {[%emt 0:03:21]} Nf6 {[%emt 0:03:39]} 9. Qd2 {[%emt 0:00:31]} h6 {[%emt 0:06:36]} 10. Bxf6 {[%emt 0:03:11]} Qxf6 {[%emt 0:05:35]} 11. Nd5 {[%emt 0:00:26]} Qd8 {[%emt 0:09:30]} 12. e4 {[%emt 0:00:22]} Be6 {[%emt 0:01:53]} 13. O-O-O {[%emt 0:05:11]} Bd6 {[%emt 0:13:26]} 14. Kb1 {[%emt 0:00:53]} O-O {[%emt 0:01:04]} 15. g3 {[%emt 0:00:39]} Qe8 {[%emt 0:10:39]} 16. Bg2 {[%emt 0:09:34]} Ne5 {[%emt 0:08:41]} 17. Rc1 {[%emt 0:00:12]} Qb5 {[%emt 0:09:13]} 18. Bf1 {[%emt 0:14:02]} Qa4 {[%emt 0:02:30]} 19. Bd3 {[%emt 0:00:37]} f5 {[%emt 0:08:47]} 20. Bc2 {[%emt 0:01:50]} Qb5 {[%emt 0:03:25]} 21. Qe2 {[%emt 0:01:58]} Qxe2 {[%emt 0:04:16]} 22. Nxe2 {[%emt 0:00:02]} fxe4 {[%emt 0:00:18]} 23. Ndf4 {[%emt 0:01:05]} Bc4 {[%emt 0:05:12]} 24. Rhd1 {[%emt 0:01:44]} Be7 {[%emt 0:01:11]} 25. Nc3 {[%emt 0:01:49]} Bg5 {[%emt 0:00:52]} 26. Bxe4 {[%emt 0:01:41]} Bxf4 {[%emt 0:00:11]} 27. gxf4 {[%emt 0:00:03]} Rxf4 {[%emt 0:00:12]} 28. Bxb7 {[%emt 0:00:11]} Rb8 {[%emt 0:00:55]} 29. Bd5+ {[%emt 0:00:05]} Bxd5 {[%emt 0:01:15]} 30. Rxd5 {[%emt 0:00:07]} Nc4 {[%emt 0:00:27]} 31. Rb5 {[%emt 0:00:27]} Rbf8 {[%emt 0:01:15]} 32. Rb7 {[%emt 0:01:18]} Nd2+ {[%emt 0:01:20]} 33. Ka1 {[%emt 0:00:58]} Rxf2 {[%emt 0:00:10]} 34. b4 {[%emt 0:01:18]} Rxh2 {[%emt 0:00:46]} 35. Rxa7 {[%emt 0:00:14]} Nc4 {[%emt 0:01:00]} 36. b5 {[%emt 0:01:13]} Rff2 {[%emt 0:00:37]} 37. Ra4 {[%emt 0:02:08]} Nb6 {[%emt 0:00:28]} 38. Rb4 {[%emt 0:00:02]} Rc2 {[%emt 0:01:10]} 39. Rxc2 {[%emt 0:00:20]} Rxc2 {[%emt 0:00:00]} 40. Na4 {[%emt 0:00:00]} Nc4 {[%emt 0:00:00]} 41. b6 {[%emt 0:16:59]} Rc1+ {[%emt 0:17:48]} 42. Rb1 {[%emt 0:00:13]} Rxb1+ {[%emt 0:00:24]} 43. Kxb1 {[%emt 0:00:01]} Na5 {[%emt 0:00:15]} 44. Kc2 {[%emt 0:03:23]} Kf7 {[%emt 0:10:27]} 45. Kc3 {[%emt 0:00:02]} h5 {[%emt 0:02:01]} 46. Kb4 {[%emt 0:00:34]} Nb7 {[%emt 0:01:07]} 47. Nc5 {[%emt 0:00:11]} Nd8 {[%emt 0:01:28]} 48. a4 {[%emt 0:00:17]} h4 {[%emt 0:00:36]} 49. a5 {[%emt 0:00:17]} h3 {[%emt 0:00:34]} 50. Ne4 {[%emt 0:00:12]} h2 {[%emt 0:00:36]} 51. Ng3 {[%emt 0:00:10]} Nc6+ {[%emt 0:00:37]} 52. Kb5 {[%emt 0:00:09]} Nd4+ {[%emt 0:00:32]} 53. Kc5 {[%emt 0:00:26]} Nb3+ {[%emt 0:00:30]} 54. Kb4 {[%emt 0:00:03]} Nd4 {[%emt 0:00:33]} 55. a6 {[%emt 0:00:03]} Ne2 {[%emt 0:00:29]} 56. Nh1 {[%emt 0:00:05]} 1-0

[Event "Vladimir Bato Kontic Memorial 2021"]
[Site "Niksic"]
[Date "2021.04.20"]
[Round "7.3"]
[White "Djukic, Nikola"]
[Black "Bogosavljevic, Boban"]
[Result "1/2-1/2"]
[WhiteElo "2515"]
[BlackElo "2523"]
[Annotator "TA"]
[PlyCount "86"]
[EventDate "2021.04.17"]
[EventType "swiss"]
[EventCountry "MNE"]
[SourceTitle "playchess.com"]
[Source "ChessBase"]
[SourceQuality "1"]

{[%evp 28,86,35,29,66,82,95,98,100,106,108,103,114,111,116,104,108,99,125,125,127,126,116,37,34,20,25,32,112,126,124,101,122,103,83,66,60,44,60,64,75,54,63,26,25,25,34,8,4,8,8,6,8,0,0,0,0,0,0,0,0]} 1. e4 c5 2. Nf3 Nc6 3. d4 cxd4 4. Nxd4 Nf6 5. Nc3 e5 6. Ndb5 d6 7. Bg5 a6 8. Na3 b5 9. Bxf6 gxf6 10. Nd5 Bg7 11. Bd3 O-O 12. O-O Ne7 13. Nxe7+ Qxe7 14. c4 f5 15. Qh5 $1 {[%mdl 4] is recently more successful than 15.Qf3.} ({Reject} 15. exf5 e4 $15) 15... bxc4 {B33: Sicilian: Pelikan and Sveshnikov Variations.} 16. Nxc4 d5 17. exd5 e4 {White is better.} 18. Be2 Rb8 19. Rad1 Bd7 20. b3 {[#]} f4 $146 ({Predecessor:} 20... Kh8 21. f3 a5 22. fxe4 fxe4 23. d6 Qe6 24. Ne3 f5 25. Bc4 Qg6 26. Qxg6 hxg6 {0-1 (73) Kunze,M (2360)-Muse,M (2460) Bad Neuenahr 1991}) 21. f3 {Strongly threatening d6.} e3 22. g3 Bb5 23. Bd3 {[%csl Gd3][%cal Rh5h7] [#]} h6 24. Qf5 {[%csl Gd3][%cal Rf5h7]} Rfd8 {Threatens to win with ...Bxc4.} 25. d6 ({Weaker is} 25. gxf4 Bxc4 26. bxc4 e2 $17) (25. Rfe1 $16) 25... Qg5 {White must now prevent ...Qxf5.} 26. Qxf4 Qxf4 27. gxf4 Bf8 ({Black should try} 27... Bd4 $14 28. Kg2 Bxc4 29. Bxc4 {[%mdl 64] Discovered Attack} Rxd6) 28. Nxe3 $16 Rxd6 29. Bxb5 axb5 30. Rxd6 Bxd6 {[%mdl 4096] Endgame KRB-KRN} 31. Nf5 Bxf4 32. Re1 Kh7 33. Re4 Bc1 34. Nd6 Kg6 35. a4 bxa4 36. bxa4 Rb2 37. Nc4 Ra2 {The position is equal.} 38. Ne5+ Kg7 39. Nd3 Bg5 40. h3 Ra3 41. Ne1 Bd2 42. Kf2 Bxe1+ 43. Rxe1 Rxa4 {Weighted Error Value: White=0.10/Black=0.10} 1/2-1/2

[Event "Vladimir Bato Kontic Memorial 2021"]
[Site "Niksic"]
[Date "2021.04.20"]
[Round "7.4"]
[White "Osmak, Iulija"]
[Black "Sanal, Vahap"]
[Result "0-1"]
[WhiteElo "2428"]
[BlackElo "2572"]
[Annotator "ChessBase"]
[PlyCount "84"]
[EventDate "2021.04.17"]
[EventType "swiss"]
[EventCountry "MNE"]
[SourceTitle "playchess.com"]
[Source "ChessBase"]
[SourceQuality "1"]
[TimeControl "40/5400+30:1800+30"]

1. d4 {[%emt 0:00:17]} Nf6 {[%emt 0:01:30]} 2. c4 {[%emt 0:00:20]} g6 {[%emt 0:00:17]} 3. Nc3 {[%emt 0:00:07]} Bg7 {[%emt 0:00:06]} 4. e4 {[%emt 0:00:08]} O-O {[%emt 0:00:06]} 5. Be2 {[%emt 0:02:29]} d6 {[%emt 0:00:20]} 6. Be3 {[%emt 0:00:08]} Nc6 {[%emt 0:00:17]} 7. d5 {[%emt 0:01:50]} Ne5 {[%emt 0:00:21]} 8. h3 {[%emt 0:03:07]} e6 {[%emt 0:02:23]} 9. Nf3 {[%emt 0:03:20]} Nxf3+ 10. Bxf3 {[%emt 0:00:16]} Nd7 {[%emt 0:05:19]} 11. Qd2 {[%emt 0:01:21]} Nc5 {[%emt 0:05:23]} 12. O-O {[%emt 0:09:11]} a5 {[%emt 0:07:59]} 13. Rab1 {[%emt 0:16:34]} e5 {[%emt 0:08:13]} 14. Bd1 {[%emt 0:03:29]} f5 {[%emt 0:15:14]} 15. exf5 {[%emt 0:01:38]} Bxf5 {[%emt 0:03:26]} 16. Bc2 {[%emt 0:00:09]} Qh4 {[%emt 0:00:43]} 17. Bxf5 {[%emt 0:05:26]} gxf5 {[%emt 0:00:32]} 18. Bxc5 {[%emt 0:12:36]} dxc5 {[%emt 0:00:51]} 19. Nb5 {[%emt 0:00:06]} Rac8 {[%emt 0:15:09]} 20. Qxa5 {[%emt 0:08:07]} Rf6 {[%emt 0:02:05]} 21. Qc3 {[%emt 0:17:41]} Rg6 {[%emt 0:01:07]} 22. Kh1 {[%emt 0:04:33]} c6 {[%emt 0:09:33]} 23. dxc6 {[%emt 0:00:54]} bxc6 {[%emt 0:00:07]} 24. Na3 {[%emt 0:00:25]} e4 {[%emt 0:00:04]} 25. Qe1 {[%emt 0:00:47]} Qg5 {[%emt 0:01:52]} 26. Rg1 {[%emt 0:00:39]} Re8 {[%emt 0:00:26]} 27. Nc2 {[%emt 0:01:23]} Rh6 {[%emt 0:05:02]} 28. b4 {[%emt 0:02:36]} f4 {[%emt 0:01:02]} 29. Rb3 {[%emt 0:00:31]} Qf5 {[%emt 0:00:45]} 30. Qf1 {[%emt 0:04:08]} e3 {[%emt 0:02:17]} 31. Nxe3 {[%emt 0:00:41]} fxe3 {[%emt 0:00:10]} 32. fxe3 {[%emt 0:00:32]} Qe6 {[%emt 0:03:52]} 33. bxc5 {[%emt 0:00:24]} Rf8 {[%emt 0:00:15]} 34. Qe2 {[%emt 0:00:02]} Qe4 {[%emt 0:00:15]} 35. Rf1 {[%emt 0:00:59]} Rxh3+ {[%emt 0:02:24]} 36. Kg1 {[%emt 0:00:01]} Rh6 {[%emt 0:01:34]} 37. Rxf8+ {[%emt 0:00:11]} Bxf8 {[%emt 0:00:02]} 38. Rb8 {[%emt 0:01:18]} Qh4 {[%emt 0:01:00]} 39. Ra8 {[%emt 0:00:33]} Qh2+ {[%emt 0:00:14]} 40. Kf2 {[%emt 0:00:00]} Rf6+ {[%emt 0:00:00]} 41. Ke1 {[%emt 0:15:19]} Qg1+ {[%emt 0:15:09]} 42. Kd2 {[%emt 0:00:18]} Rf2 {[%emt 0:00:03]} 0-1